00449pab a2200157 454500008004000000100001600040245004700056260000900103300001100112362001200123650001200135773001300147909000900160999001500169952010700184180718b1986 xxu||||| |||| 00| 0 eng d aArora, R.K. aChallenging problems of housing by 2001 AD c1986 a1165-7 a14 June aHousing aCommerce a9774 c9774d9774 00104070aIIPAbIIPAd2018-07-19hVolume no: 152, Issue no: 3917pAR9791r2018-07-19w2018-07-19yAR